000 00869nam a22002777a 4500
001 274
003 FISKH
005 20241218105949.0
008 230314b cb ||||| |||| 00| 0 eng d
040 _aFISKH
_beng
_cFISKH
_dFISKH
050 _aPZ7
082 _a823.914
100 _aAnholt, Laurence
245 _aSeriously silly colour :
_bBleeping beauty /
_cLaurence Anholt ; Arthur Robins
260 _aLondon :
_bOrchard,
_c2008.
300 _a32 pages :
_bcolor illustrations ;
_c22 cm.
490 _aBleeping Beauty
505 _aM
520 _aThere once was a beautiful baby princess. The good fairies all made good wishes for her - but there was one bad fairy who made a very bad wish
521 8 _a530
_bLexile
521 8 _aM
_bRaz-Plus
650 _aFairy Tales
700 _aRobins, Arthur
942 _2ddc
_cBK
_n0
999 _c274
_d274